000 005580000a22001810004500
003 MACL
005 20160421133633.0
008 160421b xxu||||| |||| 00| 0 eng d
040 _aMACL
_cMACL
041 _aHindi
082 _a796
100 _aसंजय भोला धीर
_920109
245 _aविश्‍व प्रसिद्ध साहसिक खेल
260 _bस्‍नेह साहित्‍य सदन
_c2009
_aदिल्‍ली
350 _a250
650 _aSports
_953114
942 _cHIN
_k796/ DHI
_2ddc
999 _c41047
_d41047